000 00332nam a2200133Ia 4500
008 100328s9999 xx 000 0 und d
082 _b39957
100 _aपाटील देवदत्त
245 _aसौदा.
260 _bमधुराज
630 _aसौदा.
730 _aसौदा.
942 _cBOOK
999 _c528769
_d528766